| 000 | 00588nam a2200229Ia 4500 | ||
|---|---|---|---|
| 003 | OSt | ||
| 005 | 20221007101648.0 | ||
| 006 | a|||||r|||| 00| 0 | ||
| 007 | ta | ||
| 008 | 221006b |||||||| |||| 00| 0 eng d | ||
| 024 | _a7,028 | ||
| 037 | _cTextual | ||
| 040 |
_aLCO _cLCO _beng |
||
| 041 |
_2eng _aeng |
||
| 082 | _aZm2,N58, J8 | ||
| 245 | 0 | _aSUPREME COURT REPORTS, 1958 | |
| 260 |
_aDelhi _bSupreme Court of India Client _c1958 |
||
| 300 | _a1534 | ||
| 650 |
_aSUPREME COURT REPORTS _9703371 |
||
| 942 |
_hZm2,N58, J8 _cTEXL |
||
| 999 |
_c1176591 _d1176591 |
||